书目信息 |
| 题名: |
中国官僚政治研究
|
|
| 作者: | 王亚南 著 | |
| 分册: | ||
| 出版信息: | 北京 中国社会科学出版社 1981.6 |
|
| 页数: | 200页 | |
| 开本: | 32开 | |
| 丛书名: | ||
| 单 册: | ||
| 中图分类: | D69 | |
| 科图分类: | ||
| 主题词: | 政治--中国 | |
| 电子资源: | ||
| ISBN: | ||
| 000 | 00762nam0 2200217 45 | |
| 001 | 0211180958 | |
| 005 | 20031219104100.4 | |
| 010 | @dCNY0.77 | |
| 091 | @a3190.022 | |
| 100 | @a20021118d1981 km y0chiy0120 ea | |
| 101 | 0 | @achi |
| 105 | @a z 000yy | |
| 200 | 1 | @a中国官僚政治研究@AZhong Guo Guan Liao Zheng Zhi Yan Jiu@e中国官僚政治之经济的历史的解析@EZhong Guo Guan Liao Zheng Zhi Zhi Jing Ji De Li Shi De Jie Xi@f王亚南著@FWang Ya Nan Zhu |
| 210 | @a北京@c中国社会科学出版社@d1981.6 | |
| 215 | @a200页@c肖像@d32开 | |
| 517 | @a中国官僚政治之经济的历史的解析@AZhong Guo Guan Liao Zheng Zhi Zhi JingJi De Li Shi De Jie Xi | |
| 606 | 0 | @a政治@x中国 |
| 690 | @aD69@v3 | |
| 701 | 0 | @a王亚南@4著 |
| 801 | @aCN@bTSTC@c20021118 | |
| 905 | @f1@b228655@dD69@e1 | |
| 中国官僚政治研究:中国官僚政治之经济的历史的解析/王亚南著.-北京:中国社会科学出版社,1981.6 |
| 200页:肖像;32开 |
| ISBN :CNY0.77 |
| ● |
| 相关链接 |
|
|
|
|
正题名:中国官僚政治研究
索取号:D69/1
 
预约/预借
| 序号 | 登录号 | 条形码 | 馆藏地/架位号 | 状态 | 备注 |
| 1 | 0054282 | 001759813 | 密集书库/ [索取号:D69/1] | 在馆 | |
| 2 | 0211744 | 000383597 | 第一样本阅览室/ [索取号:D69/1] | 在馆 | |
| 3 | 0228655 | 001623372 | 密集书库/ [索取号:D69/1] | 在馆 |